000
00312nam a22001337a 4500
003
SGT
082
_a
616.66
_b
C16B
100
_a
BRADLEY, F.J.
245
_a
CANCER LATENCY PREVENTION AND CURE THROUGH MIASMATICS
260
_a
INDIA
_b
B.JAIN PUB
_c
2016
300
_a
92
650
_a
HOMOEOPATHIC
942
_2
ddc
_c
BK
999
_c
20464
_d
20464